书目信息 |
| 题名: |
最后的篇章
|
|
| 作者: | 丹宁勋爵 著 | |
| 分册: | ||
| 出版信息: | 北京 法律出版社 2000.03 |
|
| 页数: | 302页 | |
| 开本: | 32开 | |
| 丛书名: | ||
| 单 册: | ||
| 中图分类: | D956.1 | |
| 科图分类: | ||
| 主题词: | 法律 | |
| 电子资源: | ||
| ISBN: | 7-5036-0936-2 | |
| 000 | 00547nam0 2200193 45 | |
| 001 | 0012051764 | |
| 005 | 20001205172514.9 | |
| 010 | @a7-5036-0936-2@d20.00元 | |
| 100 | @a20001205d2000 km y0chiy0120 ea | |
| 101 | 0 | @achi |
| 105 | @a z 000yy | |
| 200 | 1 | @a最后的篇章@AZui Hou De Pian Zhang@f(英)丹宁勋爵著@F(Ying)Dan Ning Xun Jue Zhu |
| 210 | @a北京@c法律出版社@d2000.03 | |
| 215 | @a302页@d32开 | |
| 606 | 0 | @a法律 |
| 690 | @aD956.1@v3 | |
| 701 | 0 | @a丹宁勋爵@4著 |
| 801 | @aCN@bPftUser@c20001205 | |
| 905 | @b514324-326@dD956.1@eD.533@f3 | |
| 最后的篇章/(英)丹宁勋爵著.-北京:法律出版社,2000.03 |
| 302页;32开 |
| ISBN 7-5036-0936-2:20.00元 |
| ● |
| 相关链接 |
|
|
|
正题名:最后的篇章
索取号:D956.1/D.533
 
预约/预借
| 序号 | 登录号 | 条形码 | 馆藏地/架位号 | 状态 | 备注 |
| 1 | 514324 | 205143245 | 社科库509/509社科库 107排2列2层/ [索取号:D956.1/D.533] | 在馆 | |
| 2 | 514325 | 205143254 | 社科库509/509社科库 107排2列2层/ [索取号:D956.1/D.533] | 在馆 | |
| 3 | 514326 | 205143263 | 社科库509/509社科库 107排2列2层/ [索取号:D956.1/D.533] | 在馆 |